Movies Quiz

Random Movies or Director Quiz

Tim Burton Movies Quiz Stats

 Plays Quiz Updated Feb 5, 2020

Support Sporcle.
Go Orange.
Score 0/19 Timer 04:00
4 Plays Today
Year Movie Title % Correct
1990Edward Scissorhands
82.7%
2005Corpse Bride
75.5%
2007Sweeney Todd: The Demon Barber of Fleet Street
66.6%
2005Charlie and the Chocolate Factory
62%
1989Batman
59.2%
2012Frankenweenie
59.1%
1988Beetlejuice
53.5%
2010Alice in Wonderland
52.8%
2019Dumbo
51.7%
2012Dark Shadows
50.7%
Year Movie Title % Correct
1999Sleepy Hollow
48.6%
1992Batman Returns
47%
1994Ed Wood
44.3%
2003Big Fish
44.1%
2014Big Eyes
41.4%
2001Planet of the Apes
29.4%
1996Mars Attacks!
27.4%
1985Pee-wee's Big Adventure
26.5%
2016Miss Peregrine's Home for Peculiar Children
26.1%

From the Vault

Hidden Neighbors of Mexico

by markassonne

Geography 30s
They're playing a really big game of hide and seek, so we've been told.
Remove Ads.
Support Sporcle.
Get the best of Sporcle when you Go Orange. This ad-free experience offers more features, more stats, and more fun while also helping to support Sporcle. Thank you for becoming a member.

Show Comments

Extras

Top Quizzes Today


Score Distribution

Your Account Isn't Verified!

In order to create a playlist on Sporcle, you need to verify the email address you used during registration. Go to your Sporcle Settings to finish the process.

Report this User

Report this user for behavior that violates our Community Guidelines.

Details: